[Event "Hastings Masters"]
[Site "?"]
[Date "2009.12.30"]
[Round "3"]
[White "Arkell, Keith"]
[Black "Istratescu, Andrei"]
[Result "1/2-1/2"]
[WhiteElo "2464"]
[BlackElo "2624"]
[PlyCount "55"]
[EventDate "2009.??.??"]
[SourceDate "2009.12.30"]

1. d4 Nf6 2. Nf3 g6 3. c4 Bg7 4. g3 O-O 5. Bg2 d6 6. O-O Nc6 7. Nc3 Rb8 8. h3
a6 9. e4 Nd7 10. Be3 Na5 11. b3 b5 12. cxb5 axb5 13. Rc1 b4 14. Na4 Ba6 15. Re1
Bb5 16. Nb2 c5 17. Nd3 Rc8 18. dxc5 Bxd3 19. Qxd3 Nxc5 20. Qb1 Bc3 21. Red1 Qb6
22. Bd4 Bxd4 23. Nxd4 Ne6 24. Nc2 Nc6 25. Ne3 Ned4 26. Nd5 Qa7 27. Qb2 e5 28.
Rc4 1/2-1/2

[Event "Hastings Masters"]
[Site "?"]
[Date "2009.12.30"]
[Round "3"]
[White "Edouard, Romain"]
[Black "Hawkins, Jonathan"]
[Result "1/2-1/2"]
[WhiteElo "2620"]
[BlackElo "2383"]
[PlyCount "100"]
[EventDate "2009.??.??"]
[SourceDate "2009.12.30"]

1. d4 Nf6 2. c4 g6 3. Nc3 Bg7 4. e4 d6 5. f3 O-O 6. Be3 a6 7. Qd2 Nbd7 8. O-O-O
b5 9. Bh6 c5 10. Bxg7 Kxg7 11. e5 Ne8 12. exd6 exd6 13. dxc5 Nxc5 14. Qd4+ Qf6
15. Qxf6+ Nxf6 16. Rxd6 b4 17. Nd5 Nxd5 18. Rxd5 Nb7 19. Ne2 Be6 20. Rd4 Nc5
21. Nf4 b3 22. a3 Rfe8 23. Nd3 Na4 24. Nf4 Nc5 25. Be2 Rac8 26. Bd1 Bd7 27. Kd2
Red8 28. Re1 h6 29. Re3 Bb5 30. Rxd8 Rxd8+ 31. Kc3 Na4+ 32. Kxb3 Bxc4+ 33. Kxc4
Nxb2+ 34. Kb3 Nxd1 35. Re2 g5 36. Nh5+ Kg6 37. g4 Rc8 38. Rd2 Rb8+ 39. Kc4 Ne3+
40. Kd4 Rb3 41. Kc5 Rxa3 42. Rd6+ Kh7 43. Rd7 Nf1 44. f4 Nxh2 45. Rxf7+ Kg8 46.
Rg7+ Kf8 47. fxg5 Nxg4 48. gxh6 Ra5+ 49. Kb6 Rxh5 50. Rxg4 Rxh6+ 1/2-1/2

[Event "Hastings Masters"]
[Site "?"]
[Date "2009.12.30"]
[Round "3"]
[White "Howell, David W L"]
[Black "Mitchell, Martin"]
[Result "1-0"]
[WhiteElo "2597"]
[BlackElo "2195"]
[PlyCount "73"]
[EventDate "2009.??.??"]
[SourceDate "2009.12.30"]

1. e4 d6 2. d4 Nf6 3. Nc3 g6 4. f4 Bg7 5. Nf3 c5 6. dxc5 Qa5 7. Qd4 Nc6 8. Bb5
O-O 9. Qa4 Qc7 10. Be3 Bd7 11. O-O-O a6 12. Bxc6 Bxc6 13. cxd6 exd6 14. Qb4
Rfe8 15. Bb6 a5 16. Qb3 Qc8 17. Ng5 Rf8 18. Rxd6 h6 19. Nxf7 Rxf7 20. Rhd1 Qf8
21. Rd8 Rxd8 22. Rxd8 Ne8 23. Bxa5 Bxc3 24. Bxc3 Kh7 25. Bb4 Qg7 26. g3 Qf6 27.
e5 Qxd8 28. Qxf7+ Ng7 29. Bf8 Qd7 30. Qxg7+ Qxg7 31. Bxg7 Kxg7 32. Kd2 Be4 33.
c4 g5 34. Ke3 Bb1 35. a4 Kg6 36. a5 Kf5 37. b4 1-0

[Event "Hastings Masters"]
[Site "?"]
[Date "2009.12.30"]
[Round "3"]
[White "Hracek, Zbynek"]
[Black "Hebden, Mark L"]
[Result "1/2-1/2"]
[WhiteElo "2624"]
[BlackElo "2522"]
[PlyCount "47"]
[EventDate "2009.??.??"]
[SourceDate "2009.12.30"]

1. e4 e5 2. Nf3 Nc6 3. Bb5 a6 4. Ba4 Nf6 5. O-O Be7 6. Re1 b5 7. Bb3 O-O 8. a4
Bb7 9. d3 d6 10. Nbd2 Qd7 11. Nf1 Rae8 12. Ng3 Bd8 13. axb5 axb5 14. c3 Ne7 15.
Bg5 Ng6 16. Ra7 Qc8 17. Qd2 Nd7 18. Bxd8 Rxd8 19. Nf5 Nc5 20. Ba2 d5 21. Nxe5
Rfe8 22. Ng4 dxe4 23. Nfh6+ Kf8 24. d4 1/2-1/2

[Event "Hastings Masters"]
[Site "?"]
[Date "2009.12.30"]
[Round "3"]
[White "Williams, Peter A"]
[Black "Drozdovskij, Yuri"]
[Result "0-1"]
[WhiteElo "2012"]
[BlackElo "2625"]
[PlyCount "74"]
[EventDate "2009.??.??"]
[SourceDate "2009.12.30"]

1. f4 d5 2. Nf3 Nf6 3. e3 g6 4. b4 Bg7 5. Bb2 O-O 6. Be2 c6 7. O-O Bg4 8. a4
Nbd7 9. Na3 a5 10. b5 c5 11. c4 Nb6 12. Rc1 dxc4 13. Nxc4 Nxc4 14. Rxc4 Rc8 15.
Ng5 Bxe2 16. Qxe2 h6 17. Nf3 Nd5 18. Bxg7 Kxg7 19. f5 e6 20. fxg6 fxg6 21. Ne5
Rf5 22. Rxf5 exf5 23. Qf3 Qd6 24. d4 Re8 25. g4 cxd4 26. exd4 Nb6 27. Qxb7+ Re7
28. Qc6 Nxc4 29. Qxc4 fxg4 30. Qc3 h5 31. Nc6 Re2 32. Ne5 Re4 33. Nc6 h4 34. b6
Re2 35. Ne5 Qxb6 36. Kf1 Rxh2 37. Qd3 Qf6+ 0-1

[Event "Hastings Masters"]
[Site "?"]
[Date "2009.12.30"]
[Round "3"]
[White "Gormally, Daniel W"]
[Black "Kolbus, Dietmar"]
[Result "1/2-1/2"]
[WhiteElo "2479"]
[BlackElo "2355"]
[PlyCount "119"]
[EventDate "2009.??.??"]
[SourceDate "2009.12.30"]

1. d4 Nf6 2. c4 g6 3. Nf3 Bg7 4. g3 O-O 5. Bg2 d5 6. O-O dxc4 7. Na3 Nc6 8.
Nxc4 Be6 9. b3 Bd5 10. Bb2 a5 11. Rc1 a4 12. bxa4 Ra6 13. Nfe5 Bxg2 14. Kxg2
Qd5+ 15. f3 Rfa8 16. e4 Qd8 17. Nxc6 Rxc6 18. Qb3 e6 19. a5 Ne8 20. Rcd1 Nd6
21. Ne5 Rca6 22. Bc3 Qe8 23. a4 b6 24. d5 exd5 25. exd5 Bxe5 26. Rfe1 Bxc3 27.
Rxe8+ Nxe8 28. Qxc3 Rxa5 29. Qc6 Rxa4 30. Re1 Ra2+ 31. Kh3 Kf8 32. Qc3 Kg8 33.
Re7 Rd8 34. d6 Nxd6 35. Qxc7 Raa8 36. Qxb6 Nf5 37. Rb7 h5 38. Qf6 Rf8 39. Rb5
Ng7 40. f4 Rae8 41. Qb2 Re6 42. Kg2 Rfe8 43. Kf2 Nf5 44. Rb8 Rxb8 45. Qxb8+ Kg7
46. Qb2+ Kg8 47. h3 Nh6 48. Qb3 Kg7 49. Qc3+ Kg8 50. Qc8+ Kg7 51. Kf3 Nf5 52.
g4 hxg4+ 53. hxg4 Ne7 54. Qc4 Kg8 55. Kg3 Kg7 56. Kh4 Kh6 57. Qd4 g5+ 58. fxg5+
Kh7 59. Kg3 Ng6 60. Kg2 1/2-1/2

[Event "Hastings Masters"]
[Site "?"]
[Date "2009.12.30"]
[Round "3"]
[White "Lorscheid, Gerhard"]
[Black "Philippe, Christophe"]
[Result "0-1"]
[WhiteElo "2348"]
[BlackElo "2430"]
[PlyCount "62"]
[EventDate "2009.??.??"]
[SourceDate "2009.12.30"]

1. d4 Nf6 2. c4 e6 3. Nc3 Bb4 4. Qc2 d5 5. cxd5 exd5 6. Bg5 c5 7. Nf3 h6 8.
Bxf6 Qxf6 9. e3 Nc6 10. dxc5 Be6 11. Be2 Rd8 12. O-O Bxc5 13. e4 O-O 14. Nxd5
Bxd5 15. exd5 Rxd5 16. Rad1 Rfd8 17. Rxd5 Rxd5 18. Qb3 Rd7 19. Bb5 Nd4 20. Nxd4
Rxd4 21. Qc2 b6 22. Re1 g6 23. a3 a5 24. g3 h5 25. h4 Kh7 26. Qc3 Qf5 27. Re2
Rd1+ 28. Kg2 Qd5+ 29. f3 Rg1+ 30. Kh3 Qf5+ 31. Kh2 Qb1 0-1

[Event "Hastings Masters"]
[Site "?"]
[Date "2009.12.30"]
[Round "3.8"]
[White "Breder, Dennis"]
[Black "Eames, Robert S"]
[Result "1-0"]
[WhiteElo "2427"]
[BlackElo "2276"]
[PlyCount "153"]
[EventDate "2009.??.??"]
[SourceDate "2009.12.30"]

1. e4 c5 2. Nf3 Nc6 3. Bb5 d6 4. O-O Bd7 5. Re1 Nf6 6. h3 a6 7. Bf1 e5 8. c3 g5
9. d4 g4 10. hxg4 Nxg4 11. dxc5 dxc5 12. Na3 b5 13. Nc2 Rg8 14. a4 b4 15. Ne3
Nxe3 16. Bxe3 Qf6 17. Nd2 Bg4 18. f3 Be6 19. Qe2 Be7 20. Rad1 Rg5 21. Bxg5 Qxg5
22. Qe3 Qg6 23. f4 exf4 24. Qxf4 c4 25. Bxc4 Bc5+ 26. Kf1 Qh5 27. Bxe6 fxe6 28.
Qc7 Ne7 29. cxb4 Qh1+ 30. Ke2 Qxg2+ 31. Kd3 Bxb4 32. Rg1 Qf2 33. Rg8+ Nxg8 34.
Qc6+ Kf7 35. Rf1 Rd8+ 36. Kc4 Rd4+ 37. Kb3 Qxf1 38. Nxf1 a5 39. Qc7+ Ne7 40.
Qf4+ Ke8 41. Qe5 Rd6 42. Ka2 Nc6 43. Qb5 e5 44. Ne3 Kf7 45. Qb7+ Kg8 46. Qc8+
Kf7 47. Nf5 Rg6 48. Qh8 Bf8 49. Qxh7+ Kf6 50. Qh8+ Kf7 51. Qh5 Kf6 52. Qf3 Nb4+
53. Kb3 Ke6 54. Ng7+ Ke7 55. Nf5+ Ke6 56. Qf1 Rf6 57. Qb5 Kf7 58. Qxa5 Nc6 59.
Qd5+ Kg6 60. Qg8+ Kh5 61. Ng3+ Kh6 62. Nf5+ Kh5 63. Kc4 Nb4 64. Ng3+ Kh6 65.
Qh8+ Kg6 66. Qh5+ Kg7 67. Qxe5 Kf7 68. Nf5 Rc6+ 69. Kb3 Re6 70. Qc7+ Kg6 71.
Qc8 Kf7 72. Qd7+ Kf6 73. Nd4 Rd6 74. e5+ Kxe5 75. Qe8+ Kxd4 76. Qxf8 Kc5 77.
Qxd6+ 1-0

[Event "Hastings Masters"]
[Site "?"]
[Date "2009.12.30"]
[Round "3.9"]
[White "Prosviriakov, Vladimir"]
[Black "Kjartansson, Gudmundur"]
[Result "1/2-1/2"]
[WhiteElo "2311"]
[BlackElo "2391"]
[PlyCount "140"]
[EventDate "2009.??.??"]
[SourceDate "2009.12.30"]

1. e4 c6 2. d4 d5 3. exd5 cxd5 4. Bd3 Nc6 5. c3 Qc7 6. Ne2 Bg4 7. f3 Bd7 8. Bf4
e5 9. Bg3 Bd6 10. Na3 a6 11. Nc2 Nge7 12. dxe5 Bxe5 13. Bxe5 Nxe5 14. Ncd4 O-O
15. O-O Rfe8 16. Qc2 N7g6 17. b3 Nxd3 18. Qxd3 Re7 19. Ng3 Rae8 20. Qd2 Re3 21.
Rac1 Qe5 22. Rfd1 Nf4 23. Nf1 Rd3 24. Qc2 Rxd1 25. Rxd1 h5 26. g3 Nh3+ 27. Kg2
g5 28. Rd2 g4 29. f4 Qe1 30. Re2 Rxe2+ 31. Qxe2 Qxc3 32. Qd2 Qa1 33. a4 Qb1 34.
Qc2 Qe1 35. Qe2 Qc3 36. Qd2 Qa1 37. Qe3 Qb2+ 38. Qd2 Qb1 39. Qc2 Qxc2+ 40. Nxc2
Bf5 41. Nfe3 Bd3 42. Nd4 a5 43. Nef5 Kf8 44. Nd6 b6 45. Nc8 Ke8 46. Nd6+ Ke7
47. N6f5+ Kd7 48. Nh6 f6 49. Ng8 f5 50. Nh6 Kd6 51. Nhxf5+ Kc5 52. Ne6+ Kb4 53.
Nfd4 Kc3 54. f5 Kd2 55. Nf4 Be4+ 56. Kf1 Nxf4 57. gxf4 Ke3 58. f6 Bg6 59. f5
Be8 60. Nb5 d4 61. Nd6 d3 62. Ke1 h4 63. f7 Bxf7 64. Nxf7 g3 65. hxg3 hxg3 66.
Ng5 Kf4 67. Nh3+ Kxf5 68. Kd2 Ke4 69. Ng5+ Kd4 70. Nf3+ Ke4 1/2-1/2

[Event "Hastings Masters"]
[Site "?"]
[Date "2009.12.30"]
[Round "3.10"]
[White "Ansell, Simon T"]
[Black "Knott, Simon J B"]
[Result "1/2-1/2"]
[WhiteElo "2387"]
[BlackElo "2348"]
[PlyCount "47"]
[EventDate "2009.??.??"]
[SourceDate "2009.12.30"]

1. e4 e6 2. d4 d5 3. Nd2 c5 4. exd5 Qxd5 5. Ngf3 cxd4 6. Bc4 Qd6 7. Bb3 Nc6 8.
O-O Nf6 9. Nc4 Qd8 10. Nce5 Bc5 11. Bg5 Nxe5 12. Nxe5 O-O 13. Qf3 h6 14. Bh4
Be7 15. Rad1 Qc7 16. Rfe1 Rd8 17. Bg3 Qc5 18. Rd3 a5 19. a4 Ra6 20. Qd1 Rad6
21. Nf3 R6d7 22. Ne5 Rd6 23. Nf3 R6d7 24. Ne5 1/2-1/2

[Event "Hastings Masters"]
[Site "?"]
[Date "2009.12.30"]
[Round "3.11"]
[White "Eggleston, David"]
[Black "Kwiatkowski, Feliks J"]
[Result "1/2-1/2"]
[WhiteElo "2367"]
[BlackElo "2252"]
[PlyCount "124"]
[EventDate "2009.??.??"]
[SourceDate "2009.12.30"]

1. d4 Nf6 2. c4 e6 3. Nf3 b6 4. Nc3 Bb4 5. e3 Bb7 6. Bd3 O-O 7. O-O d5 8. cxd5
exd5 9. a3 Bd6 10. b4 a6 11. Qb3 Qe7 12. Rb1 Nbd7 13. a4 a5 14. b5 Rfe8 15. Ra1
Rad8 16. Ba3 Bxa3 17. Qxa3 Qe6 18. Ne2 Ne4 19. Rac1 Rc8 20. Rc2 Qd6 21. Qxd6
cxd6 22. Rfc1 Rxc2 23. Rxc2 Rc8 24. Rxc8+ Bxc8 25. Ne1 Bb7 26. f3 Nef6 27. g4
h6 28. h4 Kf8 29. Bc2 g6 30. Nd3 Ke7 31. Ndc1 Nf8 32. Na2 Ne6 33. Nac3 Ne8 34.
Kf2 N8c7 35. Ng3 Ng7 36. Nge2 Nge6 37. Bb3 g5 38. Ng3 Ng7 39. h5 f6 40. e4 dxe4
41. fxe4 Nce6 42. Nge2 Nc7 43. Bg8 d5 44. Bxd5 Nxd5 45. Nxd5+ Bxd5 46. exd5 f5
47. Kf3 Ne8 48. gxf5 Nd6 49. Ng3 Kf7 50. Nf1 Nxf5 51. Nh2 Ke7 52. Ke4 Ng3+ 53.
Ke5 Nxh5 54. Ng4 Nf4 55. Nxh6 Nd3+ 56. Ke4 Nb2 57. Nf5+ Kd7 58. Ne3 Kd6 59.
Nf5+ Kd7 60. Ne3 Kd6 61. Nf5+ Kd7 62. Ne3 Kd6 1/2-1/2

[Event "Hastings Masters"]
[Site "?"]
[Date "2009.12.30"]
[Round "3.12"]
[White "Williams, Simon Kim"]
[Black "Franklin, Samuel G A"]
[Result "0-1"]
[WhiteElo "2550"]
[BlackElo "2139"]
[PlyCount "96"]
[EventDate "2009.??.??"]
[SourceDate "2009.12.30"]

1. d4 Nf6 2. c4 g6 3. Nc3 Bg7 4. e4 d6 5. Nge2 O-O 6. Ng3 a6 7. Be2 c5 8. d5 b5
9. cxb5 axb5 10. Bxb5 Ba6 11. Be2 Qb6 12. O-O h5 13. Rb1 Nbd7 14. b3 Rfb8 15.
Re1 Bxe2 16. Rxe2 h4 17. Nf1 h3 18. g3 Qb4 19. Qc2 Ng4 20. Nd1 Nde5 21. Nd2 Qb5
22. Nc3 Qd3 23. Qxd3 Nxd3 24. e5 Bxe5 25. Rxe5 Ngxe5 26. f4 Nxc1 27. Rxc1 Nd3
28. Rf1 f5 29. Nc4 Kf7 30. Rd1 Nb4 31. Rd2 Na6 32. Kf2 Nc7 33. g4 Nb5 34. Ne2
Ra7 35. g5 Na3 36. Ne3 Rb4 37. Kg3 c4 38. Nd4 c3 39. Nc6 cxd2 40. Nxb4 Nb1 41.
Nd1 Rc7 42. Nc6 e6 43. b4 exd5 44. b5 d4 45. Kf2 Nc3 46. Nxc3 dxc3 47. Ke2 Rxc6
48. bxc6 Ke7 0-1

[Event "Hastings Masters"]
[Site "?"]
[Date "2009.12.30"]
[Round "3.13"]
[White "Straub, Peter"]
[Black "Greet, Andrew N"]
[Result "0-1"]
[WhiteElo "2122"]
[BlackElo "2423"]
[PlyCount "54"]
[EventDate "2009.??.??"]
[SourceDate "2009.12.30"]

1. d4 Nf6 2. Nf3 e6 3. g3 b5 4. Bg2 d5 5. b3 Bb7 6. O-O c5 7. c4 bxc4 8. bxc4
dxc4 9. Qa4+ Nbd7 10. Qxc4 Rc8 11. Qa4 Bc6 12. Qd1 cxd4 13. Nxd4 Bxg2 14. Kxg2
Bc5 15. Bb2 O-O 16. Nd2 Nb6 17. N4b3 Be7 18. Rc1 Rxc1 19. Nxc1 Qd5+ 20. Nf3 Ne4
21. Qxd5 Nxd5 22. Nd3 Rc8 23. Rc1 Rxc1 24. Nxc1 f6 25. e3 e5 26. Nb3 Nec3 27.
Bxc3 Nxc3 0-1

[Event "Hastings Masters"]
[Site "?"]
[Date "2009.12.30"]
[Round "3.14"]
[White "Demac, Elias"]
[Black "Webb, Laurence E"]
[Result "1-0"]
[WhiteElo "2084"]
[BlackElo "2321"]
[PlyCount "167"]
[EventDate "2009.??.??"]
[SourceDate "2009.12.30"]

1. d4 d5 2. c4 e5 3. dxe5 d4 4. Nf3 Nc6 5. a3 a5 6. b3 Bc5 7. Bb2 Nge7 8. g3
Ng6 9. Bg2 Ngxe5 10. Nbd2 O-O 11. O-O Nxf3+ 12. Nxf3 Bg4 13. Qd2 Qd7 14. Qg5
Qf5 15. Qxf5 Bxf5 16. b4 axb4 17. axb4 Bxb4 18. Nxd4 Nxd4 19. Bxd4 c6 20. c5
Rfd8 21. e3 f6 22. Bf3 Kf7 23. Kg2 Ke7 24. g4 Bd3 25. Rfd1 Bc2 26. Rdc1 Bd3 27.
Rd1 Bg6 28. Kg3 Ba5 29. Bg2 Ra7 30. f4 Rda8 31. h4 Bc7 32. Rxa7 Rxa7 33. h5 Bc2
34. Rd2 Bb3 35. Be4 h6 36. Rb2 Be6 37. Kh4 Kd7 38. Bf5 Ke7 39. Be4 Kd7 40. Bb1
Bd5 41. Bf5+ Be6 42. Rd2 Ke7 43. Bb1 Bd8 44. Rb2 Bc8 45. Bf5 Be6 46. Kg3 Bc7
47. Kf3 Bd8 48. Bxe6 Kxe6 49. Ke4 Be7 50. Rb1 Bd8 51. Rg1 Ra2 52. Rb1 Ra7 53.
Rb2 Be7 54. Rb3 Bd8 55. g5 f5+ 56. Kf3 hxg5 57. fxg5 Bxg5 58. Bxg7 Kf7 59. Be5
Ke6 60. Bg7 Kf7 61. Bd4 Kg8 62. Be5 Kh7 63. e4 Kh6 64. exf5 Kxh5 65. Bd6 Bf6
66. Rb4 Kg5 67. Ke4 Kg4 68. Be5 Be7 69. Bd4 Ra5 70. Ke5 Kg5 71. Be3+ Kh5 72.
Rxb7 Bxc5 73. Bxc5 Rxc5+ 74. Ke6 Kh6 75. Kf6 Rc1 76. Rb2 Kh7 77. Kf7 Kh6 78. f6
Rf1 79. Rc2 Ra1 80. Rh2+ Kg5 81. Kg7 Ra7+ 82. f7 Kf5 83. Rc2 Rc7 84. Kg8 1-0

[Event "Hastings Masters"]
[Site "?"]
[Date "2009.12.30"]
[Round "3.15"]
[White "Marusenko, Petr"]
[Black "Jackson, James P"]
[Result "1/2-1/2"]
[WhiteElo "2264"]
[BlackElo "2067"]
[PlyCount "108"]
[EventDate "2009.??.??"]
[SourceDate "2009.12.30"]

1. d4 Nf6 2. c4 Nc6 3. Nc3 e5 4. d5 Ne7 5. Nf3 Ng6 6. h4 h5 7. Bg5 Bc5 8. e3 d6
9. b4 Bb6 10. Bd3 a6 11. O-O Qd7 12. c5 Ba7 13. c6 bxc6 14. dxc6 Qe6 15. Bxf6
gxf6 16. Qe2 Ne7 17. Rfd1 Qg4 18. Bxa6 Be6 19. Bd3 d5 20. Bc2 Rd8 21. Qa6 Bb6
22. Na4 Rg8 23. Ne1 Nc8 24. a3 Qxh4 25. Nxb6 Nxb6 26. Bh7 Rg7 27. Bd3 f5 28.
Bf1 Qe7 29. Qe2 h4 30. Qh5 Qf6 31. f4 exf4 32. exf4 Ke7 33. Qe2 h3 34. Qe5 Qxe5
35. fxe5 hxg2 36. Nxg2 d4 37. Kf2 Nc4 38. Bxc4 Bxc4 39. Rac1 Bd5 40. Nf4 Be4
41. b5 Rg4 42. Nh5 Rg2+ 43. Kf1 Rb2 44. Ng3 d3 45. Rc4 Bf3 46. Nxf5+ Ke6 47.
Ng7+ Kxe5 48. Re1+ Be2+ 49. Kf2 Kd5 50. Rf4 Bg4+ 51. Ke3 Rh8 52. Rxg4 d2 53.
Rd1 Rh3+ 54. Ke2 Rh2+ 1/2-1/2

[Event "Hastings Masters"]
[Site "?"]
[Date "2009.12.30"]
[Round "3.16"]
[White "Collins, Sam E"]
[Black "Spanton, Tim R"]
[Result "1-0"]
[WhiteElo "2431"]
[BlackElo "2026"]
[PlyCount "25"]
[EventDate "2009.??.??"]
[SourceDate "2009.12.30"]

1. e4 e5 2. Nf3 Nc6 3. Bb5 Nf6 4. O-O Nxe4 5. Re1 Nd6 6. Nxe5 Nxe5 7. Rxe5+ Be7
8. Nc3 Nxb5 9. Nd5 O-O 10. Nxe7+ Kh8 11. Qh5 g6 12. Qh6 Re8 13. Rh5 1-0

[Event "Hastings Masters"]
[Site "?"]
[Date "2009.12.30"]
[Round "3.17"]
[White "Grant, David J"]
[Black "Rudd, Jack"]
[Result "1-0"]
[WhiteElo "2020"]
[BlackElo "2296"]
[PlyCount "67"]
[EventDate "2009.??.??"]
[SourceDate "2009.12.30"]

1. e4 e5 2. Nf3 Nc6 3. d4 exd4 4. Nxd4 Bc5 5. Nxc6 Qf6 6. Qf3 dxc6 7. Nc3 Be6
8. Qg3 O-O-O 9. Be3 Bxe3 10. Qxe3 Kb8 11. Bd3 Nh6 12. f4 Ng4 13. Qg3 Qd4 14. f5
Bxf5 15. exf5 Rhe8+ 16. Ne2 Qxb2 17. O-O Ne3 18. Rfb1 Qf6 19. Nf4 Qd4 20. Qf2
c5 21. Re1 c4 22. Bxc4 Re4 23. Bd3 Re5 24. Ne2 Qd6 25. h3 Rde8 26. Nc3 Qd4 27.
Ne2 Qc5 28. Ng3 Qc3 29. Ne4 Rxe4 30. Bxe4 Rxe4 31. Rad1 Nxd1 32. Rxe4 c6 33.
Qf4+ Kc8 34. Qd6 1-0

[Event "Hastings Masters"]
[Site "?"]
[Date "2009.12.30"]
[Round "3.18"]
[White "Doran, Chris"]
[Black "Talsma, Paul"]
[Result "0-1"]
[WhiteElo "1963"]
[BlackElo "2252"]
[PlyCount "74"]
[EventDate "2009.??.??"]
[SourceDate "2009.12.30"]

1. e4 e5 2. Nf3 Nc6 3. Bb5 a6 4. Ba4 Nf6 5. O-O Nxe4 6. d4 exd4 7. Re1 d5 8. c4
dxc3 9. Nxc3 Bb4 10. Nxe4 Bxe1 11. Qxe1 dxe4 12. Bg5 f6 13. Qxe4+ Kf8 14. Be3
g5 15. Bxc6 bxc6 16. Qxc6 Bg4 17. Nd4 Kg7 18. h3 Bd7 19. Qc3 h6 20. Rd1 Qc8 21.
f4 g4 22. hxg4 Bxg4 23. Rf1 c5 24. Nb3 Qf5 25. Nxc5 Rhe8 26. Re1 Rac8 27. b4 a5
28. a3 axb4 29. axb4 Ra8 30. Nb7 Qd5 31. Qc7+ Kg8 32. f5 h5 33. Nd6 Ra2 34. Qc4
Rxg2+ 35. Kf1 Qxc4+ 36. Nxc4 Bh3 37. Re2 Rg4+ 0-1

[Event "Hastings Masters"]
[Site "?"]
[Date "2009.12.30"]
[Round "3.19"]
[White "Zdebskaja, Natalia"]
[Black "Nilroy, Chakraborty"]
[Result "1-0"]
[WhiteElo "2408"]
[BlackElo "1800"]
[PlyCount "51"]
[EventDate "2009.??.??"]
[SourceDate "2009.12.30"]

1. e4 e6 2. d4 d5 3. Nc3 Nf6 4. Bg5 Be7 5. e5 Nfd7 6. h4 c5 7. Bxe7 Qxe7 8. Nb5
Nc6 9. Nc7+ Kd8 10. Nxa8 cxd4 11. Qd2 Ndxe5 12. Bb5 Qb4 13. Qxb4 Nxb4 14. O-O-O
Bd7 15. Be2 d3 16. cxd3 Bb5 17. Rh3 Kd7 18. d4 Rc8+ 19. Kb1 Bxe2 20. Nxe2 Ng4
21. Rb3 Nxf2 22. Rc1 Rxc1+ 23. Nxc1 Nc6 24. Rxb7+ Kd6 25. Rxf7 Nxd4 26. Nb3 1-0

[Event "Hastings Masters"]
[Site "?"]
[Date "2009.12.30"]
[Round "3.20"]
[White "Bates, Richard A"]
[Black "De Coverly, Roger"]
[Result "1-0"]
[WhiteElo "2383"]
[BlackElo "2109"]
[PlyCount "77"]
[EventDate "2009.??.??"]
[SourceDate "2009.12.30"]

1. d4 Nf6 2. Nf3 g6 3. g3 Bg7 4. Bg2 O-O 5. O-O d6 6. Re1 Nbd7 7. e4 e5 8. h3
exd4 9. Nxd4 Nc5 10. Nc3 Re8 11. Nb3 Nxb3 12. axb3 a6 13. Bg5 h6 14. Be3 Bd7
15. f4 Bc6 16. Bf2 Qd7 17. Qd3 Rad8 18. Rad1 Qc8 19. Bd4 Bd7 20. Kh2 Be6 21.
Qf3 Nh7 22. Bxg7 Kxg7 23. Ne2 Kg8 24. Qc3 c6 25. f5 gxf5 26. Nf4 Rf8 27. exf5
Bxf5 28. Re7 Rd7 29. Rde1 d5 30. Nh5 d4 31. Qd2 Rd6 32. Qf4 Rg6 33. Rc7 Qd8 34.
Ree7 Be6 35. Be4 f5 36. Rg7+ Rxg7 37. Rxg7+ Kh8 38. Qxh6 Bg8 39. Rxh7+ 1-0

[Event "Hastings Masters"]
[Site "?"]
[Date "2009.12.30"]
[Round "3.21"]
[White "Giffard, Nicolas"]
[Black "Tozer, Philip"]
[Result "1-0"]
[WhiteElo "2351"]
[BlackElo "2106"]
[PlyCount "69"]
[EventDate "2009.??.??"]
[SourceDate "2009.12.30"]

1. d4 e6 2. c4 f5 3. Nf3 Nf6 4. Nc3 Bb4 5. Bd2 b6 6. g3 Bb7 7. Bg2 O-O 8. O-O
a5 9. b3 Qe7 10. Qc1 Ba3 11. Qc2 Ne4 12. Nb5 Nxd2 13. Nxd2 Bxg2 14. Kxg2 Na6
15. f4 Bb4 16. Nf3 c6 17. Nc3 d5 18. cxd5 cxd5 19. Nb5 Rfc8 20. Qd3 Ba3 21. Qe3
Rc6 22. Ne5 Rc2 23. Nd3 Rc6 24. Nxa3 Qxa3 25. Rfc1 Rac8 26. Rxc6 Rxc6 27. Rc1
Qd6 28. Rxc6 Qxc6 29. g4 fxg4 30. Ne5 Qd6 31. Nxg4 Nb4 32. h4 Nc6 33. Kf3 Kf7
34. Qc3 Qc7 35. Qxc6 1-0

[Event "Hastings Masters"]
[Site "?"]
[Date "2009.12.30"]
[Round "3.22"]
[White "Druckenthaner, Andreas"]
[Black "Wilson, Alexandra"]
[Result "1-0"]
[WhiteElo "2296"]
[BlackElo "2089"]
[PlyCount "53"]
[EventDate "2009.??.??"]
[SourceDate "2009.12.30"]

1. d4 e6 2. Nf3 b6 3. e4 Bb7 4. Bd3 Ne7 5. Bf4 d5 6. e5 c5 7. c3 Nbc6 8. Nbd2
Qd7 9. a3 c4 10. Bc2 Na5 11. Nf1 Bc6 12. N3d2 Ng6 13. Bg3 Ne7 14. Ne3 h5 15.
O-O O-O-O 16. Bh4 Re8 17. Qf3 Ng8 18. Qf4 Be7 19. Bxe7 Qxe7 20. h4 Rf8 21. b3
cxb3 22. Nxb3 Nxb3 23. Bxb3 f6 24. c4 g5 25. Qh2 fxe5 26. Qxe5 Nf6 27. cxd5 1-0

[Event "Hastings Masters"]
[Site "?"]
[Date "2009.12.30"]
[Round "3.23"]
[White "Getz, Nicolai"]
[Black "Horn, Stefan"]
[Result "1-0"]
[WhiteElo "2270"]
[BlackElo "2074"]
[PlyCount "61"]
[EventDate "2009.??.??"]
[SourceDate "2009.12.30"]

1. e4 d5 2. exd5 Qxd5 3. Nc3 Qa5 4. Bc4 Nf6 5. d3 c6 6. Bd2 Bg4 7. f3 Bh5 8.
Qe2 Qd8 9. g4 Bg6 10. f4 h6 11. f5 Bh7 12. Ne4 Nxe4 13. dxe4 e5 14. O-O-O Nd7
15. Nf3 Qc7 16. g5 O-O-O 17. Bxf7 Nc5 18. g6 Bg8 19. Bc3 Bxf7 20. Rxd8+ Kxd8
21. gxf7 Qxf7 22. Kb1 Bd6 23. Bxe5 Bxe5 24. Nxe5 Qc7 25. Ng6 Re8 26. e5 Qf7 27.
Rd1+ Kc8 28. Qd2 Ne6 29. fxe6 Qxg6 30. Qd7+ Kb8 31. e7 1-0

[Event "Hastings Masters"]
[Site "?"]
[Date "2009.12.30"]
[Round "68"]
[White "Sreeves, Clement"]
[Black "Martinsen, Stig K"]
[Result "1-0"]
[WhiteElo "2061"]
[BlackElo "2240"]
[PlyCount "67"]
[EventDate "2009.??.??"]
[SourceDate "2009.12.30"]

1. e4 d6 2. d4 Nf6 3. Nc3 g6 4. Nf3 Bg7 5. h3 a6 6. a4 b6 7. Bd3 Bb7 8. O-O Nc6
9. d5 Ne5 10. Nxe5 dxe5 11. Qe2 O-O 12. Nb1 Qd7 13. c4 Nh5 14. Qg4 e6 15. Rd1
f5 16. Qe2 Nf4 17. Bxf4 exf4 18. exf5 exf5 19. Nc3 Rae8 20. Qf3 Be5 21. Re1 Qg7
22. Rad1 Re7 23. Bb1 g5 24. Qh5 Rf6 25. a5 bxa5 26. c5 Rh6 27. Qe2 Bc8 28. d6
cxd6 29. cxd6 Rxd6 30. Rxd6 Bxd6 31. Qc4+ Be6 32. Rxe6 Qf7 33. Qc8+ Kg7 34.
Rxd6 1-0

[Event "Hastings Masters"]
[Site "?"]
[Date "2009.12.30"]
[Round "3.25"]
[White "Grant, Alan G"]
[Black "Foord, Dominic"]
[Result "1/2-1/2"]
[WhiteElo "2236"]
[BlackElo "2051"]
[PlyCount "66"]
[EventDate "2009.??.??"]
[SourceDate "2009.12.30"]

1. Nf3 d5 2. c4 e6 3. g3 dxc4 4. Bg2 Nd7 5. Qa4 a6 6. Qxc4 b5 7. Qc2 Bb7 8. O-O
c5 9. a4 Ngf6 10. axb5 axb5 11. Rxa8 Bxa8 12. Na3 Qb8 13. d4 Be4 14. Qb3 b4 15.
Nc4 Bd5 16. Be3 Be7 17. Qc2 Be4 18. Qa4 O-O 19. Ra1 cxd4 20. Nxd4 Bxg2 21. Kxg2
Bc5 22. f3 Nb6 23. Qb3 Rc8 24. Nxb6 Qxb6 25. Nc2 Nd5 26. Bd2 Qb5 27. Kf1 h6 28.
Ne1 Nb6 29. Qd3 Nc4 30. Rc1 Ba7 31. b3 Qb6 32. Kg2 Qf2+ 33. Kh3 {remaining
moves illegible} Bb6 1/2-1/2

[Event "Hastings Masters"]
[Site "?"]
[Date "2009.12.30"]
[Round "3.26"]
[White "Worek, Joanna"]
[Black "Atako, Chino"]
[Result "1/2-1/2"]
[WhiteElo "2226"]
[BlackElo "2038"]
[PlyCount "94"]
[EventDate "2009.??.??"]
[SourceDate "2009.12.30"]

1. d4 g6 2. c4 Bg7 3. Nc3 c5 4. d5 Bxc3+ 5. bxc3 Qa5 6. Qc2 f5 7. h4 Nf6 8. Bh6
d6 9. Bg7 Rg8 10. Bxf6 exf6 11. Nf3 Nd7 12. Nd2 Ne5 13. Rb1 Kf7 14. e3 Re8 15.
Be2 Qc7 16. h5 Kg7 17. hxg6 hxg6 18. f4 Ng4 19. Bxg4 fxg4 20. Kf2 Qe7 21. e4 b6
22. Rh4 Rh8 23. Rxh8 Kxh8 24. Qd3 Qh7 25. Nf1 Bd7 26. Ng3 Kg8 27. Rh1 Qe7 28.
e5 dxe5 29. fxe5 fxe5 30. Qxg6+ Qg7 31. Rh6 Rf8+ 32. Ke3 Qxg6 33. Rxg6+ Kf7 34.
Rg5 Re8 35. Nh5 Re7 36. Ke4 Bc8 37. Rg7+ Kf8 38. Rxe7 Kxe7 39. Kxe5 Ba6 40. g3
Bxc4 41. a3 a5 42. Nf6 b5 43. Nxg4 b4 44. cxb4 axb4 45. axb4 cxb4 46. Ne3 Be2
47. d6+ Kd7 1/2-1/2